000 00243nmm a2200085Ia 4500
008 150209s2015||||xx |||||||||||||||||und||
100 _aMC PHERSONN, RICHARD A
245 _aHENRY'S CLINICAL DIAGNOSIS AND MGT. BY LABORATORY METHODS
942 _2ddc
_cCD
999 _c5914
_d5914